| Tag |
First Indicator |
Second Indicator |
Subfields |
| LEADER |
00000cam a22000004a 4500 |
| 001 |
in00002211368 |
| 005 |
20151104111939.0 |
| 008 |
060616s2006 mdua 001 0aeng |
| 010 |
|
|
|a 2006019674
|
| 020 |
|
|
|a 159114700X (alk. paper)
|
| 020 |
|
|
|a 9781591147008 (alk. paper)
|
| 029 |
1 |
|
|a YDXCP
|b 2441564
|
| 035 |
|
|
|a (OCoLC)ocm70176812
|
| 035 |
|
|
|a (OCoLC)70176812
|
| 040 |
|
|
|a DLC
|c DLC
|d YDX
|d BAKER
|d IXA
|d BTCTA
|d YDXCP
|d EYE
|d UtOrBLW
|
| 043 |
|
|
|a n-us---
|a a-vt---
|a n-us-tn
|
| 049 |
|
|
|a TXAM
|
| 050 |
0 |
0 |
|a E840.5.L39
|b A3 2006
|
| 082 |
0 |
0 |
|a 359.0092
|a B
|2 22
|
| 100 |
1 |
|
|a Lawrence, William P.
|
| 245 |
1 |
0 |
|a Tennessee patriot :
|b the naval career of Vice Admiral William P. Lawrence, U.S. Navy /
|c William P. Lawrence with Rosario Rausa.
|
| 264 |
|
1 |
|a Annapolis, Md. :
|b Naval Institute Press,
|c [2006]
|
| 264 |
|
4 |
|c ©2006
|
| 300 |
|
|
|a xiv, 230 pages :
|b illustrations ;
|c 24 cm.
|
| 336 |
|
|
|a text
|b txt
|2 rdacontent
|
| 337 |
|
|
|a unmediated
|b n
|2 rdamedia
|
| 338 |
|
|
|a volume
|b nc
|2 rdacarrier
|
| 500 |
|
|
|a Includes index.
|
| 505 |
0 |
|
|a Nashville -- Annapolis -- Training Command -- Alan Shepard and the Mangy Angels -- Fast and Faster -- Out of the Cockpit -- Phantoms and Family -- Black Shoe Duty -- Back into the Cockpit -- From Fighters to Faraway Places -- Combat -- Midnight to Noon to Noon to Midnight -- Incarceration -- 1,900 Days -- Visit to Calcutta -- Persevering -- Something in the Wind -- Going Home -- Aftermath -- Orders -- Valley of the Jets -- On to Annapolis -- Campus Life -- Women Under Fire -- Superintendent's Business -- Third Fleet -- BuPers -- Mission Complete.
|
| 600 |
1 |
0 |
|a Lawrence, William P.
|
| 650 |
|
0 |
|a Admirals
|z United States
|v Biography.
|
| 610 |
1 |
0 |
|a United States.
|b Navy
|v Biography.
|
| 651 |
|
0 |
|a United States
|x History, Naval
|y 20th century.
|
| 610 |
2 |
0 |
|a United States Naval Academy
|v Biography.
|
| 650 |
|
0 |
|a Fighter pilots
|z United States
|v Biography.
|
| 650 |
|
0 |
|a Vietnam War, 1961-1975
|x Prisoners and prisons, American.
|
| 650 |
|
0 |
|a Prisoners of war
|z United States
|v Biography.
|
| 650 |
|
0 |
|a Prisoners of war
|z Vietnam
|v Biography.
|
| 651 |
|
0 |
|a Nashville (Tenn.)
|v Biography.
|
| 700 |
1 |
|
|a Rausa, Rosario.
|
| 856 |
4 |
1 |
|3 Table of contents only
|u http://www.loc.gov/catdir/toc/ecip0616/2006019674.html
|t 0
|
| 938 |
|
|
|a Baker & Taylor
|b BKTY
|c 28.95
|d 21.71
|i 159114700X
|n 0006822988
|s active
|
| 938 |
|
|
|a Baker and Taylor
|b BTCP
|n 2006019674
|
| 938 |
|
|
|a YBP Library Services
|b YANK
|n 2441564
|
| 945 |
|
|
|a PromptCat
|b 25259
|
| 946 |
|
|
|a stk
|
| 947 |
|
|
|a A14835479786
|
| 948 |
|
|
|a cataloged
|b h
|c 2007/1/5
|d c
|e rbarron
|f 3:55:59 pm
|
| 994 |
|
|
|a 92
|b TXA
|
| 999 |
|
|
|a MARS
|
| 999 |
f |
f |
|s 6937c9bf-90f4-306b-8fb8-3ef092c0f2aa
|i f501c8f9-26c0-35c6-89e2-903f20a74441
|t 0
|
| 952 |
f |
f |
|p ric
|a Texas A&M University
|b Rellis Campus
|c Joint Library Facility
|d Remote Storage
|t 0
|e E840.5.L39 A3 2006
|h Library of Congress classification
|i unmediated -- volume
|m A14835479786
|
| 998 |
f |
f |
|a E840.5.L39 A3 2006
|t 0
|l Remote Storage
|